000 01126nam a2200217 a 4500
008 120416s1979 ||||||||||||||||| || u
020 _a0538012102
050 _aHF 5635 Hob
100 _aMoore, Carl L
245 1 0 _aFinancial accounting : concepts, valuation, analysis /
250 _a2nd ed.
260 _aCincinnati:
_bSouth-western Pub. Co
_c1979
300 _a648 p. : ill.
350 _a0.00
650 0 _aACCOUNTING--HANDBOOKS, MANUALS, ETC
700 _aHobbs, James B
995 _aMAIN LIBRARY OPEN ACCESS
_D0.00
_e005722
_FCBU-MAIN LIBRARY (Kitwe)
_H2
_I16.30
_jHF 5635 Hob
_M3
_UAVAILABLE
_y005722
_ZMain Library Open Access Collection
995 _aMAIN LIBRARY OPEN ACCESS
_D0.00
_e005721
_FCBU-MAIN LIBRARY (Kitwe)
_H1
_I16.30
_jHF 5635 Hob
_M2
_UAVAILABLE
_y005721
_ZMain Library Open Access Collection
995 _aMAIN LIBRARY OPEN ACCESS
_e701356
_FCBU-MAIN LIBRARY (Kitwe)
_I0.00
_jHF 5635 Hob
_M4
_UAVAILABLE
_WFeb 15, 2013
_y005720
_ZMain Library Open Access Collection
995 _aBINDERY (DAMAGED)
_D0.00
_e701353
_FCBU-MAIN LIBRARY (Kitwe)
_H3
_I16.30
_jHF 5635 Hob
_M1
_UDAMAGED
_y701353
_ZMain Library Open Access Collection
999 _c63064
_d63064